000 00391nam a2200169Ia 4500
001 9731
003 GE_BSU
008 181216s||||||||xx |||||||||||||| ||und||
020 _a9770013061220
040 _cGE_BSU
245 4 _aThe Economist, May 3RD-9Th 2014. volume 411 number 8885
260 _aNew York
260 _c2014
300 _a82p;27cm.
653 _aThe Economist
942 _cCR
999 _c43012
_d43012